000 00566nam a2200193Ia 4500
005 20260114185826.0
008 008 260114s9999 xx 000 0 eng d
020 _a9781474235235
037 _aEBOOK
040 _aCRL
_beng
_cCRL
041 _aeng
_2eng
084 _qCRL
100 _aBrent Luvaas
_9874869
245 0 _aDIY Style Fashion, Music and Global Digital Cultures
260 _bBloomsbury
_c2014
856 _uhttps://doi.org/10.2752/9781474235235?locatt=label:secondary_bloomsburyCollections
942 _cEBOOK
999 _c1473803
_d1473803